000 00328nam a2200133Ia 4500
005 20251222143225.0
008 251222s9999||||xx |||||||||||||| ||spa||
020 _a970-10-6256-6
082 _a909/S75
100 _aSpielvagel, Jackson J.
245 0 _aHistoria Universal
264 _bMcGraw-Hill Interamericana
942 _cLIB
999 _c13954
_d13954